Automatizované spracovanie dát 2

Uložené v:
Podrobná bibliografia
Hlavný autor: Kristová, Gabriela
Korporativný autor: Vysoká škola ekonomická v Bratislave. Fakulta riadenia
Médium: Kniha
Jazyk:Slovak
Vydavateľské údaje: Bratislava Vysoká škola ekonomická 1988
Vydanie:1. vyd.
Tagy: Pridať tag
Žiadne tagy, Buďte prvý, kto otaguje tento záznam!

MARC

LEADER 00000nam a2200000 4500
001 c023535
005 20230116092022.6
041 0 |a slo 
044 |a SK 
245 1 0 |a Automatizované spracovanie dát 2  |c Gabriela Kristová a kol. 
250 |a 1. vyd. 
264 1 |a Bratislava  |b Vysoká škola ekonomická  |c 1988 
300 |a 274 s. 
100 1 |a Kristová, Gabriela 
710 2 |a Vysoká škola ekonomická v Bratislave. Fakulta riadenia